[Event "69th GRE-ch 2019"]
[Site "Thessaloniki"]
[Date "2019.11.20"]
[Round "1.1"]
[White "Kanakaris, Georgios"]
[Black "Giannoulakis, Lampros"]
[Result "1/2-1/2"]
[WhiteElo "2395"]
[BlackElo "2227"]
[Annotator "TA"]
[PlyCount "47"]
[EventDate "2019.11.20"]
[EventType "tourn"]
[EventCountry "GRE"]
[SourceTitle "playchess.com"]
[Source "ChessBase"]
[SourceQuality "1"]

{[%evp 20,36,22,11,21,0,13,3,1,0,-6,-2,11,0,0,0,24,0,0]} 1. d4 Nf6 2. Nf3 g6 3. g3 Bg7 4. Bg2 O-O 5. O-O d5 6. c4 c6 7. cxd5 cxd5 8. Nc3 Nc6 9. Ne5 e6 10. Nxc6 bxc6 11. b3 Ba6 {D79: Fianchetto Grünfeld: Symmetrical Variation (6 0-0 c6 7 cxd5 cxd5)} 12. Na4 Nd7 13. Ba3 Re8 14. Rc1 Bb5 15. Nc3 Ba6 16. Na4 Bb5 17. Nc3 Ba6 18. Na4 Bb5 {Predecessor:} 19. Re1 $146 Rc8 20. Nc5 a5 21. Qd2 Ra8 22. e4 a4 23. Bb4 Nxc5 24. Bxc5 {½-½ (63) Haug,J (2303)-Gupta,A (2627) chess.com INT 2017} 1/2-1/2

[Event "69th GRE-ch 2019"]
[Site "Thessaloniki"]
[Date "2019.11.20"]
[Round "1.2"]
[White "Ioannidis, Evgenios"]
[Black "Megalios, Konstantinos"]
[Result "0-1"]
[WhiteElo "2379"]
[BlackElo "2386"]
[Annotator "TA"]
[PlyCount "96"]
[EventDate "2019.11.20"]
[EventType "tourn"]
[EventCountry "GRE"]
[SourceTitle "playchess.com"]
[Source "ChessBase"]
[SourceQuality "1"]

{[%evp 13,120,3,8,0,11,0,0,0,0,0,0,0,0,0,12,0,0,-41,-45,-85,-83,-77,-78,-94,-83,-93,-84,-111,-101,-97,-98,-109,-107,-101,-101,-114,-108,-118,-111,-116,-112,-116,-123,-114,-123,-131,-129,-122,-132,-155,-156,-178,-178,-194,-185,-200,-206,-325,-220,-308,-185,-352,-298,-338,-350,-354,-355,-352,-329,-373,-369,-508,-509,-732,-730,-917,-917,-900,-900,-833,-824,-667,-542,-534,-531,-511,-1075,-1071,-1060,-523,0,-291,-291,-563,-793,-703,-765,-1104,-1047,-1008,-916,-1551,-1578,-29953,-29940,-2896,-1640,-1461,-1403]} 1. c4 e5 2. g3 Nf6 3. Bg2 c6 4. d4 Bb4+ 5. Bd2 Bxd2+ 6. Qxd2 d6 7. Nc3 O-O 8. Rd1 {aiming for dxe5. A20: English Opening: 1...e5} (8. e3 Be6 9. Rd1 Na6 10. b3 exd4 11. Qxd4 Nb4 12. Qd2 Bf5 13. e4 Re8 14. Nge2 Nxe4 15. Nxe4 Bxe4 16. Bxe4 Rxe4 17. Qxb4 {½-½ (31) Mamedyarov,S (2764)-Radjabov,T (2726) Baku 2014}) 8... Qe7 9. dxe5 dxe5 10. Nf3 {The position is equal.} Re8 11. O-O Bf5 12. Qg5 $146 ({Predecessor:} 12. Nh4 Be6 13. b3 Nbd7 14. Ne4 Nxe4 15. Bxe4 g6 {0-1 (63) Belzo,K (2077)-Berend,F (2371) Andorra la Vella 2017}) 12... Bg6 13. Nh4 Nbd7 {[%cal Bb8d7,Bd7f6,Bf6h7,Bh7g5,Bg5e6][%mdl 32]} 14. Nxg6 hxg6 15. Rd2 Qb4 16. Ne4 Nxe4 17. Bxe4 {[#]} Nf6 $1 {[%cal Rf6e4]} ({Much weaker is} 17... Qxc4 $6 18. Bxg6 Nf6 19. Bb1 $11) 18. Bc2 Qxc4 19. Bb3 Qe4 20. Bc2 Nh7 21. Bxe4 Nxg5 22. Bc2 Rad8 23. Rfd1 Ne6 24. Kg2 Kf8 25. Rd7 Nd4 26. Rxd8 Rxd8 $17 {[%mdl 4096] Endgame KRB-KRN} 27. e3 Ne6 28. Rxd8+ Nxd8 {KB-KN} 29. f4 Ke7 30. Kf3 Kd6 31. g4 Ne6 32. f5 gxf5 33. gxf5 Nc7 34. Bb3 Ke7 35. Bc4 (35. e4 $142) 35... Kf6 36. e4 Ne8 37. h4 $2 (37. b4) 37... Nd6 $19 38. Bd3 a5 39. b3 b5 {[%cal Bb7b5,Bb5b4][%mdl 32]} 40. Ke3 c5 41. Be2 Ke7 42. Bf3 f6 43. Kd3 Kd7 44. Kc3 b4+ 45. Kd3 Kc6 46. Bd1 Kb5 47. Bc2 Kb6 48. Bd1 Ka6 {Played: a5-a4} 0-1

[Event "69th GRE-ch 2019"]
[Site "Thessaloniki"]
[Date "2019.11.20"]
[Round "1.3"]
[White "Malikentzos, Sotirios"]
[Black "Kourkoulos-Arditis, Stamatis"]
[Result "0-1"]
[WhiteElo "2432"]
[BlackElo "2457"]
[Annotator "TA"]
[PlyCount "76"]
[EventDate "2019.11.20"]
[EventType "tourn"]
[EventCountry "GRE"]
[SourceTitle "playchess.com"]
[Source "ChessBase"]
[SourceQuality "1"]

{[%evp 18,76,32,6,13,9,8,17,17,10,23,14,10,9,31,20,29,0,0,0,35,0,16,25,6,22,67,65,79,0,0,0,0,-32,-47,-43,0,-58,-74,-70,-64,-377,-376,-418,-414,-397,-371,-397,-391,-554,-531,-666,-674,-579,-642,-2069,-2068,-1372,-1268,-29994,-29995]} 1. Nf3 g6 2. c4 Bg7 3. d4 Nf6 4. g3 O-O 5. Bg2 d6 6. O-O Nbd7 7. Nc3 e5 8. b3 Re8 9. Bb2 c6 10. d5 {With the idea dxc6.} e4 {E67: King's Indian: Fianchetto: 6...Nbd7} (10... cxd5 11. cxd5 e4 12. Nd4 e3 13. f4 Ng4 14. Nc2 Ndf6 15. Qe1 Bf5 16. Nd4 Be4 17. Nxe4 Nxe4 18. Ne6 fxe6 19. Bxg7 {0-1 (60) Carlsen,M (2837)-Grischuk,A (2772) Riadh 2017}) 11. dxc6 bxc6 12. Nd4 Bb7 {The position is equal.} 13. Qd2 $146 ({Predecessor:} 13. Nc2 d5 14. Ne3 Ne5 15. cxd5 cxd5 16. Na4 Rc8 17. Bh3 Rc7 18. Qd2 {1-0 (46) Wang,H (2717)-Movsesian,S (2653) Huaian 2016}) 13... Qe7 14. Rad1 Rad8 15. Nc2 Nf8 16. Ba3 {[%cal Ra3d6]} Qe5 17. Qd4 Qa5 {[#] aiming for ...Ng4.} 18. Qd2 Qe5 19. Bb2 Qh5 20. Ne3 Bc8 21. h4 a6 22. Na4 Ne6 23. Bxf6 (23. Nb6 $16) 23... Bxf6 $11 24. Nc3 Nd4 $1 25. Nc2 Nxc2 26. Qxc2 d5 27. e3 ({White should play} 27. cxd5 $11 Bxc3 28. Qxc3 cxd5 29. f3) 27... Bg4 $36 {[%mdl 2048] And now ...Bxc3 would win. White is under strong pressure.} 28. Rd2 Re6 29. Ne2 $2 {[%mdl 8192] [#]} (29. b4 $1 $15) 29... g5 $1 $19 30. Re1 Bxe2 31. Rexe2 gxh4 32. cxd5 cxd5 33. Qc7 (33. Re1 $142 hxg3 34. fxg3) 33... Rdd6 34. Re1 hxg3 35. fxg3 Be5 36. Bf1 Rh6 37. Qc8+ Kg7 {( -> ...Qh1+)} 38. Rg2 Rdf6 0-1

[Event "69th GRE-ch 2019"]
[Site "Thessaloniki"]
[Date "2019.11.20"]
[Round "1.4"]
[White "Koutoukidis, Panagiotis"]
[Black "Mitsis, Georgios"]
[Result "1/2-1/2"]
[WhiteElo "2412"]
[BlackElo "2348"]
[Annotator "TA"]
[PlyCount "207"]
[EventDate "2019.11.20"]
[EventType "tourn"]
[EventCountry "GRE"]
[SourceTitle "playchess.com"]
[Source "ChessBase"]
[SourceQuality "1"]

{[%evp 11,207,13,18,16,33,8,13,-12,29,10,21,8,0,8,0,0,-15,-6,-6,-6,38,32,38,-28,0,-58,-61,-70,-83,-64,-70,-98,-98,-106,-93,-99,-100,-106,-66,-61,-33,-40,0,0,0,0,18,-30,0,0,0,0,0,0,0,-30,-30,-27,-23,-237,-237,-266,-264,-270,-272,-287,-287,-287,-282,-288,-285,-285,-285,-262,-183,-186,-187,-181,-187,-182,-176,-285,-285,-1310,-1310,-1372,-1339,-1334,-1331,-1303,-1052,-1303,-1266,-1300,-1259,-778,-441,-693,-670,-538,-523,-435,-411,-1312,-1286,-1347,-1335,-1338,-1348,-1347,-1332,-1318,-1300,-1304,-1307,-1291,-1174,-1133,-1131,-1131,-1125,-1318,-1272,-1280,-1265,-1206,-1223,-1209,-968,-1220,-1195,-1154,-1118,-648,-435,-400,-300,-442,-315,-315,-203,-203,-203,-203,-203,-203,-203,-203,-203,-203,-203,-203,-203,-203,-203,-203,-203,-203,-203,-203,-203,-203,-203,-203,-203,-203,-203,-203,-203,-203,-203,-203,-203,-203,-203,-203,-203,-203,-203,-203,-203,-203,-203,-203,-203,-203,0,0,0,0,0,-183,0,0,0,0,0,0]} 1. e4 e5 2. Nf3 Nc6 3. Bc4 Nf6 4. d3 Bc5 5. O-O d6 6. c3 a6 7. a4 {C54: Giuoco Piano: 4 c3 Nf6, main lines with 5 d4 and 5 d3} Ba7 8. Nbd2 {[%cal Bb1d2,Bd2f1,Bf1g3][%mdl 32]} O-O 9. Re1 Kh8 10. h3 Ng8 11. Nf1 f5 12. exf5 Bxf5 13. Ng3 {[#]} d5 $146 ({Predecessor:} 13... Bg6 14. Bd5 Nf6 15. Bxc6 bxc6 {0-1 (58) Vokhidov,S (2480)-Sargissian,G (2689) St Petersburg 2018}) 14. Bb3 Qd6 15. Be3 Nge7 16. Bxa7 Rxa7 17. Nh4 (17. c4 $14) 17... Bd7 18. Re3 ({White should try} 18. Nf3 $11) 18... g5 $36 {[%mdl 2048] Black has the initiative.} 19. Nf3 g4 $1 {[%cal Rg4f3]} 20. hxg4 Bxg4 21. Qe1 {[%cal Rf3e5]} Bxf3 $1 22. Rxf3 Rxf3 23. gxf3 Ra8 {[%cal Ba7a8,Ba8f8,Bf8f4][%mdl 32]} 24. Qe3 Rf8 25. Kg2 Rf4 26. Rh1 d4 27. Qd2 Qg6 28. Rg1 Nf5 {And now ...Nh4+ would win.} 29. Bd5 Nce7 30. Be4 Nh4+ 31. Kf1 Nxf3 32. Bxf3 Rxf3 33. Ne4 Qh5 34. cxd4 exd4 35. Ng5 $2 (35. Qc2 $11 {and White is okay.}) 35... Rf5 $1 $19 36. Ne4 {[#]} Nd5 $1 37. Ke1 Nf4 {aiming for ...Qf3.} 38. Qd1 Qxd1+ 39. Kxd1 Nxd3 {[%mdl 4096] Endgame KRN-KRN} 40. Ke2 Nxb2 41. Rb1 Nxa4 42. Rxb7 Nc5 43. Nxc5 Rxc5 {KR-KR} 44. Kd3 Kg7 45. Kxd4 Rc2 46. Ra7 (46. Ke3 $142) 46... Rxf2 47. Rxc7+ $2 (47. Rxa6 Rf1 48. Ra5) 47... Kg6 48. Ke5 Rf5+ 49. Ke4 Rf6 50. Rc8 Kg5 51. Rg8+ Rg6 52. Rh8 h6 53. Kf3 Re6 54. Kg3 (54. Rg8+ $142 Rg6 55. Rc8) 54... Re3+ 55. Kf2 Ra3 56. Rc8 Ra5 57. Rc6 (57. Kg3 $142 Ra3+ 58. Kf2) 57... Rf5+ 58. Kg3 a5 59. Ra6 h5 60. Ra8 Kf6 61. Re8 Kf7 62. Re4 Rb5 63. Kf3 Rb3+ 64. Kg2 Kf6 65. Rc4 Rb5 66. Re4 Re5 67. Rd4 Ke6 68. Kf3 Rd5 69. Rc4 Kd6 70. Ke4 Rg5 {( -> ...Rg4+)} 71. Rc8 Rg4+ 72. Kf3 Ra4 73. Rh8 h4 74. Rh5 (74. Rh6+ $142 Ke5 75. Rh5+ Kf6 76. Rh8) 74... Ra3+ 75. Kg2 {[#]} h3+ $1 76. Kh2 (76. Rxh3 Rxh3) 76... Kc6 77. Rf5 a4 78. Rf4 Kd5 79. Kh1 Ra2 80. Rb4 Kc5 81. Rf4 Kb5 82. Rf5+ Kc4 83. Rf4+ Kd3 84. Rb4 Ke3 85. Rc4 Ke2 86. Re4+ Kf3 87. Rc4 Ke3 88. Rb4 a3 89. Rb3+ Kd2 90. Rf3 {intending Rf2+.} Ke2 91. Rc3 Kd1 92. Rf3 Kc2 93. Rf2+ Kb3 94. Rf3+ Kc4 95. Rf4+ Kd5 96. Rf3 Ke4 97. Rb3 Ra1+ 98. Kh2 a2 $2 ({Black should play} 98... Kd5 $19 {...Kd4 is the strong threat.} 99. Rd3+ Kc4) 99. Ra3 $11 Kd4 {Hoping for ...Ke4.} 100. Ra8 Kd3 $2 (100... Kc3 $11) 101. Ra7 $19 {[#]} Rc1 $2 (101... Kc3 $1 $19 {White must now prevent ...Kd2.} 102. Rc7+ Kb2 103. Rb7+ Kc3) 102. Rxa2 $11 {The position is equal.} Rc2+ 103. Rxc2 Kxc2 104. Kxh3 {Accuracy: White = 67%, Black = 66%.} 1/2-1/2

[Event "69th GRE-ch 2019"]
[Site "Thessaloniki"]
[Date "2019.11.20"]
[Round "1.5"]
[White "Kalogeris, Ioannis"]
[Black "Papadopoulos, Georgios"]
[Result "0-1"]
[WhiteElo "2330"]
[BlackElo "2378"]
[Annotator "TA"]
[PlyCount "72"]
[EventDate "2019.11.20"]
[EventType "tourn"]
[EventCountry "GRE"]
[SourceTitle "playchess.com"]
[Source "ChessBase"]
[SourceQuality "1"]

{[%evp 14,72,37,31,39,33,20,29,33,22,29,29,36,8,12,-8,0,-60,-56,-94,-88,-82,-89,-96,-70,-78,-75,-83,-74,-93,-92,-95,-75,-166,-172,-183,-203,-186,-27,-27,-16,-24,-14,-25,-29,-192,-85,-172,-72,-120,-114,-123,-121,-524,-253,-524,-421,-479,-450,-12840,-12840]} 1. d4 Nf6 2. Nf3 g6 3. g3 Bg7 4. Bg2 O-O 5. O-O d6 6. c4 Nc6 7. Nc3 a6 8. Bf4 Bg4 {E63: King's Indian: Fianchetto: Panno Variation with 7...a6} (8... Rb8 9. Rc1 h6 10. d5 e5 11. Bd2 Nd4 12. Ne1 c5 13. dxc6 bxc6 14. e3 Nf5 15. Bxc6 Rxb2 16. Nd3 {0-1 (39) Jumabayev,R (2633)-Chigaev,M (2640) Riga 2019}) 9. h3 Bxf3 10. Bxf3 Nd7 {White has an edge.} 11. Be3 e5 {[%cal Re5d4]} 12. d5 Ne7 13. Bg2 $146 ({Predecessor:} 13. Bd2 f5 14. e4 Kh8 15. h4 Ng8 16. h5 {½-½ (27) Bekker Jensen,D (2200)-Hoi,C (2389) Helsingor 2018}) 13... f5 14. f4 exf4 15. gxf4 (15. Bxf4 $11 Rb8 16. a4) 15... g5 $15 16. Bd4 gxf4 17. Bxg7 Kxg7 18. Qd4+ Ne5 19. Rxf4 N7g6 20. Rf2 Qg5 21. Kh2 Rf6 22. Rg1 Raf8 23. Bf3 (23. Kh1 $17) 23... Qh6 $1 $19 24. Nd1 Kh8 {Strongly threatening ...Nf4.} 25. Ne3 f4 $2 ({Much less strong is} 25... Nf4 26. Bg2 $17) (25... c5 $19 26. dxc6 bxc6) 26. Ng4 $11 Nxg4+ 27. Bxg4 Ne5 28. Rfg2 Rg6 29. Be6 $2 {[#]} (29. b3 $11 {and White has nothing to worry.}) 29... b6 (29... c5 $1 $19 {is more deadly.} 30. Qd2 Nxc4) 30. b4 (30. Bg4 $17 {was worth a try.}) 30... Rff6 (30... f3 $19 {has better winning chances.} 31. exf3 Rxf3) 31. Rxg6 hxg6 32. Bg4 Qh4 {Hoping for ...f3!} 33. c5 $2 {[%mdl 8192] [#]} (33. Be6 $17 {is a better chance.}) 33... bxc5 (33... f3 $142 $1 {[%mdl 512]} 34. e3 (34. exf3 Nxf3+) 34... Qf2+ 35. Kh1 Qxa2) 34. bxc5 $2 {[#]} (34. Qc3) 34... f3 $1 $19 {[%mdl 512] White must now prevent ...fxe2.Black is clearly winning.} 35. cxd6 (35. exf3 Nxf3+) 35... cxd6 {...fxe2 is the strong threat.} ({Worse is} 35... f2 36. Rf1 $11) 36. Qe3 (36. e3 $142 Qf2+ 37. Kh1 Qxa2 38. Be6) 36... f2 {Accuracy: White = 25%, Black = 40%.} 0-1

[Event "69th GRE-ch 2019"]
[Site "Thessaloniki"]
[Date "2019.11.21"]
[Round "2.1"]
[White "Giannoulakis, Lampros"]
[Black "Papadopoulos, Georgios"]
[Result "0-1"]
[WhiteElo "2227"]
[BlackElo "2378"]
[Annotator "TA"]
[PlyCount "76"]
[EventDate "2019.11.20"]
[EventType "tourn"]
[EventCountry "GRE"]
[SourceTitle "playchess.com"]
[Source "ChessBase"]
[SourceQuality "1"]

{[%evp 18,76,34,12,16,0,0,0,0,-37,-37,-42,-43,-42,-37,-40,-45,-37,-35,-41,-8,-30,-11,-18,19,14,41,18,13,0,0,0,0,0,0,0,0,-123,-118,-128,-87,-205,-208,-207,-197,-422,-437,-428,-434,-434,-405,-569,-561,-939,-887,-1308,-938,-852,-870,-930,-849]} 1. d4 Nf6 2. c4 g6 3. Nc3 Bg7 4. e4 d6 5. Be2 O-O 6. Nf3 Na6 {[%cal Bb8a6,Ba6c5,Bc5d3,Bd3e1][%mdl 32]} 7. O-O e5 8. Re1 exd4 9. Nxd4 Nc5 10. f3 Nh5 {E95: King's Indian: Classical: 7...Nbd7 8 Re1} 11. Be3 (11. g3 Re8 12. Nb3 Nxb3 13. axb3 f5 14. exf5 Bxf5 15. f4 Nf6 16. Bf3 Rxe1+ 17. Qxe1 Qd7 18. Be3 {0-1 (64) Gharibyan,M (2269)-Shevchenko,K (2569) Kirishi 2018}) 11... Qh4 $1 12. Bf2 Qg5 {The position is equal.} 13. Bf1 Nf4 $146 ({Predecessor:} 13... Be5 14. g3 f5 15. exf5 gxf5 16. f4 Bxf4 17. Kh1 Be5 18. Nf3 Qh6 19. Nxe5 dxe5 20. Bxc5 Nxg3+ 21. Kg1 Be6 22. Bxf8 Rxf8 23. Bg2 f4 24. Rxe5 {1-0 (24) Severina,M (2016)-Mamedov,E (1875) Kostroma 2010}) 14. Be3 {[#]} Ncd3 $1 {[%mdl 512]} 15. g3 (15. Bxd3 Qxg2#) 15... Nxe1 16. Qxe1 {aiming for Rd1.} Bxd4 $1 17. Bxd4 {Strongly threatening h4.} Ne6 18. Be3 Qf6 19. Qf2 c6 20. Rd1 Rd8 21. f4 Ng7 22. Bd4 Qe7 23. f5 gxf5 24. exf5 Nxf5 {White must now prevent ...Re8.} 25. Re1 $1 {[%cal Re1e7]} Qf8 $1 26. Bf6 {And now g4 would win.} Re8 27. Bd3 {[#]} (27. Rxe8 $11 Qxe8 28. g4) 27... Rxe1+ $1 $17 28. Qxe1 {next g4 is good for White.} Be6 29. Ne4 (29. g4 $17 {keeps fighting.} Qh6 30. gxf5 Qxf6 31. fxe6) 29... d5 $19 30. cxd5 cxd5 ({Inferior is} 30... Bxd5 31. Bc3 $11) 31. Qd2 $2 (31. Nf2 {was necessary.}) 31... dxe4 {[%mdl 64] Discovered Attack} 32. Qg5+ Ng7 33. Bxe4 Rc8 34. Qh6 (34. b4 {might work better.} Bh3 35. Kf2) 34... Bf5 {Black is clearly winning.} 35. Bxf5 {[%csl Gf5][%cal Rh6h7]} Qc5+ {[%mdl 64] Double Attack} 36. Kg2 Qd5+ 37. Kg1 Nxf5 38. Qg5+ Kf8 {Accuracy: White = 44%, Black = 78%.} 0-1

[Event "69th GRE-ch 2019"]
[Site "Thessaloniki"]
[Date "2019.11.21"]
[Round "2.2"]
[White "Mitsis, Georgios"]
[Black "Kalogeris, Ioannis"]
[Result "1-0"]
[WhiteElo "2348"]
[BlackElo "2330"]
[Annotator "TA"]
[PlyCount "87"]
[EventDate "2019.11.20"]
[EventType "tourn"]
[EventCountry "GRE"]
[SourceTitle "playchess.com"]
[Source "ChessBase"]
[SourceQuality "1"]

{[%evp 15,87,34,31,26,22,19,29,29,31,31,34,34,39,16,36,10,25,17,81,86,136,75,65,83,94,62,91,91,85,88,107,92,99,76,84,74,88,89,74,41,87,41,103,108,136,127,127,145,132,121,182,176,287,295,327,293,345,351,452,289,477,331,357,308,309,295,479,470,964,966,936,933,1116,1072]} 1. d4 d5 2. Nf3 Nf6 3. c4 c6 4. e3 Bf5 5. Nc3 e6 6. Nh4 Be4 7. f3 Bg6 8. Qb3 Qc7 9. Bd2 {D12: Slav Defence: 3 Nf3 Nf6 4 e3 Bf5} Be7 10. g3 (10. O-O-O dxc4 11. Bxc4 b5 12. Be2 a6 13. Nxg6 hxg6 14. Ne4 Nxe4 15. fxe4 c5 16. d5 exd5 17. exd5 {½-½ (38) Ding,L (2811)-Shankland,S (2705) chess.com INT 2019}) 10... Bh5 11. Be2 {White has an edge.} g5 12. Ng2 h6 13. Rc1 Qb6 {[#]} 14. Qd1 $146 ({Predecessor:} 14. g4 Bg6 15. h4 Rg8 16. Qxb6 axb6 {½-½ (58) Nanu,C (2520)-Dreev,A (2694) Belfort 2012}) 14... Nbd7 ({Don't play} 14... Qxb2 $6 15. h4 $16 (15. Rb1 Qa3 $16)) 15. c5 Qc7 ({Not} 15... Qxb2 $2 16. Rb1 $18) 16. b4 Rg8 (16... Bg6 $11) 17. e4 $16 a5 {[#]} 18. a3 (18. b5 $142 $1) 18... axb4 19. axb4 Bg6 {[%cal Rd5e4]} 20. exd5 exd5 21. O-O Kf8 22. Be3 Re8 23. Bd3 Kg7 24. Bf2 Nf8 25. Re1 Qd7 26. Ra1 Ne6 27. Ra2 Bd8 28. b5 {Black must now prevent Ra7.} Bc7 (28... Bxd3 $14 29. Qxd3 g4) 29. Ra7 Qc8 30. Bxg6 fxg6 31. bxc6 bxc6 32. Qa4 Qd7 {[#]} (32... Nd8 $16) 33. Na2 $1 $18 Rc8 (33... Nd8 {keeps fighting.} 34. Nb4 Kh8) 34. Nb4 Nd8 35. g4 Rf8 36. Bg3 Ne8 37. Re3 (37. Be5+ Kh7 $18) 37... Rf7 $2 (37... Kg8 38. h4 Ra8 39. Rxa8 Bxg3 40. Rxd8 {[%mdl 64] Deflection} Qxd8 41. Nxc6 (41. Qxc6 Nf6 $16) 41... Qf6 42. Ne7+ Kh7) 38. Ne1 Re7 {[#]} 39. Nxd5 $1 {[%mdl 512]} Rxe3 (39... cxd5 40. Qxd7) 40. Nxe3 {aiming for d5!} Nf7 $2 {[#]} (40... Qe6 {might work better.}) 41. d5 $1 {[%mdl 512] White is clearly winning.} Nf6 (41... Qe7 $142 42. Qa3 Kg8) (41... cxd5 42. Qxd7) 42. d6 Qe6 43. Qd4 Bb8 {[#]} 44. Re7 $1 {Accuracy: White = 73%, Black = 45%.} 1-0

[Event "69th GRE-ch 2019"]
[Site "Thessaloniki"]
[Date "2019.11.21"]
[Round "2.3"]
[White "Kourkoulos-Arditis, Stamatis"]
[Black "Koutoukidis, Panagiotis"]
[Result "1-0"]
[WhiteElo "2457"]
[BlackElo "2412"]
[Annotator "RC"]
[PlyCount "131"]
[EventDate "2019.11.20"]
[EventType "tourn"]
[EventCountry "GRE"]
[SourceTitle "playchess.com"]
[Source "ChessBase"]
[SourceQuality "1"]
[TimeControl "40/5400+30:1800+30"]

1. Nf3 {[%emt 0:00:00]} Nf6 {[%emt 0:00:00]} 2. g3 {[%emt 0:00:00]} d5 {[%emt 0:00:00]} 3. Bg2 {[%emt 0:00:00]} e6 {[%emt 0:00:00]} 4. O-O {[%emt 0:00:00]} Be7 {[%emt 0:00:05]} 5. c4 {[%emt 0:00:00]} O-O {[%emt 0:00:09]} 6. d4 {[%emt 0:00:07]} dxc4 {[%emt 0:00:12]} 7. Qc2 {[%emt 0:00:06]} a6 {[%emt 0:00:05]} 8. a4 {[%emt 0:00:05]} Bd7 {[%emt 0:00:04]} 9. Rd1 {[%emt 0:00:09]} Bc6 {[%emt 0:01:03]} 10. Nc3 {[%emt 0:00:09]} Nbd7 {[%emt 0:05:07]} 11. e4 {[%emt 0:07:09]} b5 {[%emt 0:01:34]} 12. d5 {[%emt 0:01:19]} exd5 {[%emt 0:01:10]} 13. exd5 {[%emt 0:00:04]} Bb7 {[%emt 0:00:20]} 14. Nd4 {[%emt 0:01:49]} Bd6 {[%emt 0:08:37]} 15. Nc6 {[%emt 0:06:33]} Bxc6 {[%emt 0:13:39]} 16. dxc6 {[%emt 0:00:05]} Ne5 {[%emt 0:03:14]} 17. axb5 {[%emt 0:00:40]} axb5 {[%emt 0:00:50]} 18. Rxa8 {[%emt 0:00:29]} Qxa8 {[%emt 0:00:04]} 19. Nxb5 {[%emt 0:01:09]} Qa5 {[%emt 0:12:41]} 20. Nxd6 {[%emt 0:10:19]} cxd6 {[%emt 0:01:33]} 21. Bf4 {[%emt 0:01:43]} Qc5 {[%emt 0:06:41]} 22. Be3 {[%emt 0:00:40]} Qb4 {[%emt 0:01:43]} 23. Qd2 {[%emt 0:04:47]} Qxd2 {[%emt 0:00:50]} 24. Rxd2 {[%emt 0:00:04]} d5 {[%emt 0:05:20]} 25. c7 {[%emt 0:00:22]} Rc8 {[%emt 0:01:33]} 26. Bb6 {[%emt 0:00:09]} c3 {[%emt 0:01:03]} 27. bxc3 {[%emt 0:10:40]} Nc4 {[%emt 0:00:17]} 28. Bxd5 {[%emt 0:00:09]} Nxd2 {[%emt 0:02:34]} 29. Bb7 {[%emt 0:00:04]} Nc4 {[%emt 0:03:21]} 30. Bxc8 {[%emt 0:00:13]} Nxb6 {[%emt 0:00:05]} 31. Bb7 {[%emt 0:00:19]} Kf8 {[%emt 0:01:18]} 32. c4 {[%emt 0:05:16]} Ke7 {[%emt 0:01:44]} 33. c5 {[%emt 0:02:17]} Nc8 {[%emt 0:00:07]} 34. Bxc8 {[%emt 0:00:24]} Ne8 {[%emt 0:00:22]} 35. Kg2 {[%emt 0:12:08]} Nxc7 {[%emt 0:00:15]} 36. Kf3 {[%emt 0:00:03]} Kd8 {[%emt 0:02:13]} 37. Bf5 {[%emt 0:01:03]} Na6 {[%emt 0:12:25]} 38. c6 {[%emt 0:00:28]} Nb8 {[%emt 0:00:19]} 39. Be4 {[%emt 0:00:45]} h6 {[%emt 0:07:40]} 40. Kf4 {[%emt 0:00:00]} Kc7 {[%emt 0:00:00]} 41. Bd5 {[%emt 0:02:29]} Nxc6 {[%emt 0:00:47]} 42. Bxf7 {[%emt 0:00:06]} Kd6 {[%emt 0:00:44]} 43. Ke4 {[%emt 0:03:37]} Ke7 {[%emt 0:06:53]} 44. Bd5 {[%emt 0:00:25]} Nb8 {[%emt 0:00:17]} 45. Kf5 {[%emt 0:00:24]} Nd7 {[%emt 0:00:17]} 46. Kg6 {[%emt 0:00:10]} Kf8 {[%emt 0:00:11]} 47. f4 {[%emt 0:04:35]} Nf6 {[%emt 0:00:26]} 48. Be6 {[%emt 0:00:06]} Ke7 {[%emt 0:01:03]} 49. Bb3 {[%emt 0:03:02]} Kf8 {[%emt 0:00:10]} 50. Kf5 {[%emt 0:00:16]} Ne8 {[%emt 0:01:48]} 51. g4 {[%emt 0:01:19]} Nd6+ {[%emt 0:04:21]} 52. Ke6 {[%emt 0:03:59]} Ne4 {[%emt 0:01:07]} 53. Ke5 {[%emt 0:00:05]} Nf6 {[%emt 0:00:25]} 54. Kf5 {[%emt 0:00:06]} Nh7 {[%emt 0:05:07]} 55. h3 {[%emt 0:18:30]} Nf6 {[%emt 0:00:28]} 56. h4 {[%emt 0:00:04]} Ke7 {[%emt 0:05:02]} 57. g5 {[%emt 0:01:51]} hxg5 {[%emt 0:05:18]} 58. fxg5 {[%emt 0:00:12]} Nd7 {[%emt 0:00:17]} 59. h5 {[%emt 0:16:01]} Kf8 {[%emt 0:03:28]} 60. Bc4 {[%emt 0:11:04]} Ke7 {[%emt 0:04:22]} 61. h6 {[%emt 0:01:02]} gxh6 {[%emt 0:00:39]} 62. gxh6 {[%emt 0:00:02]} Kf8 {[%emt 0:01:15]} 63. Be6 {[%emt 0:00:12]} Nc5 {[%emt 0:00:25]} 64. Kg6 {[%emt 0:00:17]} Nd3 {[%emt 0:01:44]} 65. h7 {[%emt 0:00:05]} Ne5+ {[%emt 0:00:31]} 66. Kh6 {[%emt 0:00:21]} 1-0